Treatment of BIM in the JCT and SBCC public sector supplements (Record no. 114235)
[ view plain ]
| 000 -LEADER | |
|---|---|
| fixed length control field | 01143cad a22002415a 4500 |
| 001 - CONTROL NUMBER | |
| control field | L156393 |
| 008 - FIXED-LENGTH DATA ELEMENTS--GENERAL INFORMATION | |
| fixed length control field | 120516s2012 xxkqr p 0 a0eng u |
| 035 ## - SYSTEM CONTROL NUMBER | |
| System control number | (Sirsi) u156393 |
| 041 0# - LANGUAGE CODE | |
| Language code of text/sound track or separate title | eng |
| 100 1# - MAIN ENTRY--PERSONAL NAME | |
| Personal name | Frame, Shona |
| 110 2# - MAIN ENTRY--CORPORATE NAME | |
| Corporate name or jurisdiction name as entry element | MacRoberts LLP |
| 245 00 - TITLE STATEMENT | |
| Title | Treatment of BIM in the JCT and SBCC public sector supplements |
| Medium | [electronic resource] |
| 260 ## - PUBLICATION, DISTRIBUTION, ETC. | |
| Place of publication, distribution, etc. | [S.l.] |
| Name of publisher, distributor, etc. | MacRoberts LLP |
| Date of publication, distribution, etc. | 2012 |
| 520 ## - SUMMARY, ETC. | |
| Summary, etc. | Looks at how these supplements published in 2011 for use in England and Wales (JCT) and Scotland (SBCC) include amendments where design work and information supply is to be governed by a Building Information Management (BIM) protocol, as well as those necessary to comply with the UK government's Fair Payment Charter and Transparency Policy. |
| 590 ## - LOCAL NOTE (RLIN) | |
| Local note | KA NTK |
| 650 24 - SUBJECT ADDED ENTRY--TOPICAL TERM | |
| Topical term or geographic name entry element | BUILDING INFORMATION MODELLING |
| 650 24 - SUBJECT ADDED ENTRY--TOPICAL TERM | |
| Topical term or geographic name entry element | BIM |
| 9 (RLIN) | 6219 |
| 651 #4 - SUBJECT ADDED ENTRY--GEOGRAPHIC NAME | |
| Geographic name | United Kingdom |
| Chronological subdivision | |
| 690 ## - LOCAL SUBJECT ADDED ENTRY--TOPICAL TERM (OCLC, RLIN) | |
| Topical term or geographic name as entry element | BIM |
| 9 (RLIN) | 6219 |
| 690 ## - LOCAL SUBJECT ADDED ENTRY--TOPICAL TERM (OCLC, RLIN) | |
| Topical term or geographic name as entry element | Contracts |
| 9 (RLIN) | 6232 |
| 856 40 - ELECTRONIC LOCATION AND ACCESS | |
| Uniform Resource Identifier | <a href="https://www.mondaq.com/x/177332/Contracts+Deeds/Treatment+Of+Bim+In+The+Jct+And+Sbcc+Public+Sector+Supplements">https://www.mondaq.com/x/177332/Contracts+Deeds/Treatment+Of+Bim+In+The+Jct+And+Sbcc+Public+Sector+Supplements</a> |
| Public note | Register to view the article free of charge at www.mondaq.com |
| 942 ## - ADDED ENTRY ELEMENTS (KOHA) | |
| Suppress in OPAC | 0 |
| Withdrawn status | Lost status | Source of classification or shelving scheme | Damaged status | Not for loan | Home library | Current library | Shelving location | Date acquired | Total Checkouts | Full call number | Barcode | Date last seen | Copy number | Price effective from | Koha item type |
|---|---|---|---|---|---|---|---|---|---|---|---|---|---|---|---|
| Dewey Decimal Classification | Virtual | Virtual | Online | 16/05/2012 | ONLINE PUBLICATION | 156393-2001 | 06/08/2019 | 1 | 06/08/2019 | Book |